| 000 | 00704nam a22002297a 4500 | ||
|---|---|---|---|
| 005 | 20170124110038.0 | ||
| 010 | _aB-209603 | ||
| 020 |
_c999.00 _a0826414354 |
||
| 035 | _aB-209603 | ||
| 037 | _bCen Lib/Ret | ||
| 040 |
_aDPL _bEN |
||
| 082 |
_a303.625 _bLAQ |
||
| 100 |
_aLaqueur, Walter _914486 |
||
| 245 |
_aNo end to war : _cby Walter Laqueur _bterrorism in the twenty-first century / |
||
| 260 |
_aNew York _bContinuum _c2003 |
||
| 270 |
_a370, Lexington Avenue _bNew York _e10017 |
||
| 300 |
_a288p. _c23cm(Hb) |
||
| 500 | _aIncludes bibliographical references and index. | ||
| 650 |
_aWorld politics _95568 |
||
| 650 |
_aTerrorism _92076 |
||
| 942 |
_2ddc _cEN _h303.625 _mLAQ |
||
| 999 |
_c128382 _d128382 |
||